000 00529nam a2200193Ia 4500
005 20250923145829.0
008 008 250917s9999 xx 000 0 eng d
037 _aTextual
040 _aDSWL
_beng
_cDSWL
041 _aeng
_2eng
084 _aV2:51'N42x, N88
_qDSWL
245 4 _aThe Indian nation in 1942
_cEd. by G. Pandey
260 _aCalcutta
_bK.P. Bagchi
_c1988
300 _avi,268p.
365 _aINR
_b130.00
925 _g130.00
942 _cTEXL
_hV2:51'N42x, N88
999 _c1456218
_d1456218